000 00528nam a2200193 4500
003 SEACOMMC
005 20231026044614.0
008 231026b |||||||| |||| 00| 0 eng d
020 _cRs. 595.00
040 _aSEACOMMC
082 _bKLE
100 1 _aKlette, Reinhard
245 1 _aDigital geometry
_bgeometry methods for digital picture analysis
_cReinhard Klette and Azriel Rosenfeld
260 _aNew Delhi
_bElsevier
_c2005
650 _aMathematics
650 _aGeometry
700 1 _aRosenfeld, Azriel
942 _cBOOK
999 _c275
_d275